000 00363nam a2200121Ia 4500
005 20251222154304.0
008 251222s9999||||xx |||||||||||||| ||spa||
020 _a978-9972-51-239-1
082 _a627.52/O64
100 _a"Oré, María Teresay otros"
245 0 _a"El agua, ante nuevos desafíos: Actores e iniciativas en Ecuador, Perú y Bolivia"
942 _cLIB
999 _c33144
_d33144